000 01100nam a2200313 i 4500
001 18470
003 ES-MaACL
005 20230906151839.0
007 t|
008 011106s2001 sp ||||0| spa
020 _a84-7884-219-5
080 _a338.1(100)"1995/..."
080 _a323.2"19"
245 0 3 _aEl otro Davos
_b: globalización de resistencias y de luchas /
_cFrançois Houtart y François Polet (coordinadores) ; [traducción, Benito Martínez y Víctor Valembois].
260 _aMadrid :
_bEditorial Popular,
_c[2001]
300 _a205 p ;
_c22 cm.
490 1 _a0 a la izquierda ;
_v1
596 _aEn port.: Plaza y Valdés editores.
650 1 4 _aEconomía mundial-
_y1989-2008.
_9168837
650 1 4 _aMovimientos antiglobalización.
_915220
650 4 _aGlobalización-
_xAspectos económicos.
_913128
700 1 _aHoutart, François.
_964361
700 1 _aPolet, François.
_992811
700 1 _aMartínez, Benito.
_977721
700 1 _aValembois, Victor.
_9112559
830 1 _a0 a la izquierda ;
_v1
_9183192
852 _aES-MaACL
_jL-25099
999 _c18470
_d18470